000 01319nam a22003857a 4500
003 CHAP
005 20220817042252.0
008 971013s1995 r 00010 d
010 _a39109
011 _a40081
035 _a44206
040 _cCHAP
090 _aTesis
100 0 0 _aHernández Valdéz, Joel.
_954691
245 _aEvaluación financiera de un proyecto de plantación comercial de Eucalyptus sp. en Ojinaga, Chih.
260 _aChapingo, Méx. ; El autor,
_c1995
300 _a108 h.
502 _aTesis (Ing. Forestal) -- UACH. División de Ciencias Forestales
590 _aALEPH
_b10
_c20130110
_lUCH01
_h1306
590 _aBATCH-UPD
_b10
_c20130110
_lUCH01
_h0030
590 _aBATCH-UPD
_b10
_c20130110
_lUCH01
_h1256
590 _aBATCH-UPD
_b10
_c20130409
_lUCH01
_h2013
590 _aBATCH-UPD
_b10
_c20130410
_lUCH01
_h0816
590 _aBATCH-UPD
_b10
_c20130914
_lUCH01
_h1333
590 _aCONVERSION
_b10
_c20130109
_lUCH01
_h1322
650 1 4 _aEucalipto.
650 1 4 _aIndustria maderera.
_957872
650 1 4 _aPlantación de árboles.
_988782
650 1 4 _aProyectos
_xEvaluación.
_992525
700 0 _aLoya Gallegos, Noel.
_968694
901 _aBK
942 _cFOLL
949 _bBC
_cTES
_d-101260
_eTS1
_h27448
_i44206
_si
949 _bBC
_cTES
_d33724000934873
_eTS2
_fc.2
_h27449
_i44206
_si
999 _c39109
_d39109